Online Catalogue and eLibrary

Tamilil Samooga Novelgal (Record no. 4230)

MARC details
000 -LEADER
fixed length control field 00427nam a2200157Ia 4500
005 - DATE AND TIME OF LATEST TRANSACTION
control field 20250307031246.0
008 - FIXED-LENGTH DATA ELEMENTS--GENERAL INFORMATION
fixed length control field 240331s9999 xx 000 0 und d
082 ## - DDC Classification
Item Number - Author Mark VEE
DDC Edition Number 1557
Class No. 894.811
100 ## - MAIN ENTRY--PERSONAL NAME
Personal name Veerasamy, D. V
245 #0 - TITLE STATEMENT
Title Tamilil Samooga Novelgal
250 ## - EDITION STATEMENT
Edition statement 2nd Edition
260 ## - PUBLICATION, DISTRIBUTION, ETC.
Place of publication, distribution, etc. Madras,
Name of publisher, distributor, etc. Tamil Puthakalayam
Date of publication, distribution, etc. 1987
300 ## - PHYSICAL DESCRIPTION
Extent (e.g. Volumes, Pages etc.) 200 p.,
500 ## - GENERAL NOTE
General note A study on the trends of social novels in Tamil
942 ## - Koha item type (Biblio)
Koha item type Books in Stacks (Lending)
Holdings
Lost status Damaged status Collection code Home library Current library Shelving location Date acquired Full call number Accession Number Item type
    Lending WERC Library WERC Library Social Science Cupboard 03/31/2024 894.811 VEE 1557 Books in Stacks (Lending)

© WERC Library